| 000 | 00927cam a2200265 4500 | ||
|---|---|---|---|
| 008 | 010921n2001 000 0 eng u | ||
| 020 | _a0471344125 | ||
| 035 | _a(Sirsi) u114723 | ||
| 050 | _a333.08 | ||
| 100 | _aLaGro, J. | ||
| 245 | _aSite analysis : linking program and concept in land planning design | ||
| 260 |
_aChichester _bWiley _c2001 |
||
| 300 |
_axi,227p. _bill. _c29cm |
||
| 350 | _a35.95 | ||
| 520 | _aAn illustrated guide to site analysis and planning for building, landscape architecture, planning and urban design. Features sections on process and tools, site selection and programming, site inventory and analysis, and design and implementation. | ||
| 650 | _aDESIGN | ||
| 650 | _aLANDSCAPE DESIGN | ||
| 650 | _aPLANNING | ||
| 650 | _aSITE APPRAISAL | ||
| 650 | _aSITE PLANNING | ||
| 650 | _aTOWN PLANNING | ||
| 650 | _aURBAN DESIGN | ||
| 690 | _aPLANNING-PLANNING PRACTICE | ||
| 942 | _n0 | ||
| 999 |
_c101646 _d101646 |
||